Statistics for Diseases with the highest mortality rates

Click here to take the quiz!

General Stats

  • This quiz has been taken 31 times
  • The average score is 5 of 19

Answer Stats

TypeMortality RateAnswer% Correct
Viral[83–90]%Ebola
74%
Viral~100%Rabies
52%
Viral99%AIDS
43%
Prion100%Creutzfeldt–Jakob disease
43%
Bacterial~60%Bubonic plague
39%
Viral~95%Smallpox
30%
Parasitic~100%African trypanosomiasis
26%
Fungal> 65%Cryptococcal meningitis
26%
Bacterial> 85%Anthrax
22%
Viral[40–60]%Influenza A virus subtype H5N1
22%
Viral~80%Macanine alphaherpesvirus 1
17%
Viral≤ 60%Marburg virus disease
17%
Bacterial> 50%Pneumonic plague
9%
Bacterial[5–60]%Tularemia
9%
Parasitic~100%Visceral leishmaniasis
9%
Fungal[50–90]%Aspergillosis
4%
Bacterial95%Glanders
4%
Amoeboflagellate98-99%primary amoebic meningoencephalitis
4%
Amoeba~100%Balamuthia
0%

Score Distribution

Percentile by Number Answered

Percent of People with Each Score

Your Score History

You have not taken this quiz